| 000 | 00518nam a22001697a 4500 | ||
|---|---|---|---|
| 005 | 20251108163332.0 | ||
| 008 | 250721s2011 xx 000 0 ara d | ||
| 082 | 1 | 4 | _a956.3/ملا |
| 100 | 1 | _aالملا، نوار سعد | |
| 245 | 1 | 0 | _aالعراق بين العهدين الملكي و الجمهوري ( 1920 - 2003 ) / |
| 264 | 1 |
_aعمان : _bالأهلية للنشر و التوزيع، _c2011. |
|
| 300 | _a269ص. | ||
| 650 | 1 | 7 | _aالتاريخ |
| 650 | 1 | 7 | _aالعراق |
| 942 |
_2ddc _cBK |
||
| 999 |
_c104 _d104 |
||